[Event "Kuala Lumpur op 7th"]
[Site "Kuala Lumpur"]
[Date "2010.09.05"]
[Round "7"]
[White "Xu, Yi"]
[Black "Lee, Kim Han Edward"]
[Result "1-0"]
[WhiteElo "2039"]
[BlackElo "2156"]
[PlyCount "71"]
[EventDate "2010.09.01"]
[EventType "swiss"]
[EventRounds "9"]
[EventCountry "MAS"]
[SourceTitle "CBM 138 Extra"]
[Source "ChessBase"]
[SourceDate "2010.10.29"]
[SourceVersion "1"]
[SourceVersionDate "2010.10.29"]
[SourceQuality "1"]

1. e4 c5 2. Nf3 d6 3. d4 cxd4 4. Nxd4 Nf6 5. Nc3 a6 6. Be2 e5 7. Nb3 Be7 8. 0-0 0-0 9. Kh1 b6 10. Be3 Bb7 11. f3 Nbd7 12. a4 Rc8 13. Nd2 Rxc3 14. bxc3 d5 15. Bd3 Qc7 16. c4 dxe4 17. Nxe4 Nxe4 18. fxe4 Bc5 19. Bd2 a5 20. Qg4 Qd6 21. Bg5 Bc6 22. Rf3 Qg6 23. Qh4 Kh8 24. Raf1 f6 25. Bd2 Be7 26. Rg3 Qf7 27. Rh3 Qg8 28. c5 g5 29. Qh6 Bxc5 30. Bc4 Qg7 31. Bxg5 Bxe4 32. Qxg7+ Kxg7 33. Bh6+ Kg6 34. Bxf8 Bxf8 35. Rg3+ Kh5 36. Rxf6 1-0

[Event "Commonwealth op"]
[Site "Singapore"]
[Date "2009.12.11"]
[Round "3"]
[White "Phadke, Sohan"]
[Black "Lee, Kim Han Edward"]
[Result "1-0"]
[WhiteElo "2214"]
[BlackElo "2114"]
[PlyCount "101"]
[EventDate "2009.12.10"]
[EventType "swiss"]
[EventRounds "9"]
[EventCountry "SIN"]
[SourceTitle "CBM 133 Extra"]
[Source "ChessBase"]
[SourceDate "2010.01.05"]
[SourceVersion "1"]
[SourceVersionDate "2010.01.05"]
[SourceQuality "1"]

1. e4 c5 2. Nf3 d6 3. d4 cxd4 4. Nxd4 Nf6 5. Nc3 a6 6. Bg5 e6 7. f4 Qc7 8. Bxf6 gxf6 9. f5 Nc6 10. fxe6 fxe6 11. Be2 Nxd4 12. Qxd4 Qf7 13. 0-0-0 Be7 14. Rhf1 0-0 15. Rd3 Kh8 16. Qb6 Rg8 17. g4 Qe8 18. Kb1 Qc6 19. Qd4 Qc5 20. Qxc5 dxc5 21. e5 fxe5 22. Rh3 Bd7 23. Bd3 Rg7 24. Rxh7+ Rxh7 25. Bxh7 Rf8 26. Rxf8+ Bxf8 27. Be4 b5 28. h4 Kg7 29. Ne2 c4 30. Ng1 Be7 31. Nf3 Bd6 32. h5 b4 33. Kc1 c3 34. b3 Kh6 35. Kd1 Bb5 36. Ke1 Be8 37. Kf2 Bc5+ 38. Kg2 Bd4 39. Kg3 a5 40. Kh4 Bf2+ 41. Kh3 Bd4 42. Kg3 a4 43. Nxd4 exd4 44. Kf4 axb3 45. axb3 Bb5 46. Ke5 d3 47. Kf6 dxc2 48. Bxc2 Be8 49. g5+ Kxh5 50. g6 Bxg6 51. Bxg6+ 1-0

[Event "ASEAN-ch U16 10th"]
[Site "Hue"]
[Date "2009.06.10"]
[Round "6"]
[White "Dang, Duy Linh"]
[Black "Lee, Kim Han Edward"]
[Result "1/2-1/2"]
[WhiteElo "2112"]
[BlackElo "2087"]
[PlyCount "101"]
[EventDate "2009.06.07"]
[EventType "swiss"]
[EventRounds "9"]
[EventCountry "VIE"]
[SourceTitle "EXT 2010"]
[Source "ChessBase"]
[SourceDate "2010.11.25"]
[SourceVersion "1"]
[SourceVersionDate "2010.11.25"]
[SourceQuality "1"]

1. e4 c5 2. Nf3 d6 3. d4 cxd4 4. Nxd4 Nf6 5. Nc3 a6 6. Be2 e5 7. Nb3 Be7 8. Be3 0-0 9. 0-0 Be6 10. f4 exf4 11. Bxf4 Nc6 12. Qe1 d5 13. Bf3 dxe4 14. Nxe4 Nd4 15. Rd1 Nxf3+ 16. Rxf3 Qb6+ 17. Be3 Qc7 18. Nxf6+ Bxf6 19. Rxf6 gxf6 20. Nd4 Qe5 21. Nf3 Qe4 22. Qf2 Rfd8 23. Re1 Rd5 24. c3 Qf5 25. Bd4 Qf4 26. g3 Qf5 27. Qe2 Qh5 28. Qe4 Re8 29. Bxf6 Qf5 30. Bd4 Qxe4 31. Rxe4 Bd7 32. Rxe8+ Bxe8 33. Kf2 Bc6 34. Nd2 Kf8 35. Ke3 Rf5 36. g4 Rg5 37. Kf4 Rg6 38. g5 Re6 39. Be5 h6 40. h4 hxg5+ 41. hxg5 b5 42. Nb3 Bd5 43. Nd4 Rb6 44. a3 Ke7 45. Bf6+ Kd7 46. Ke5 Be6 47. Ke4 Rb8 48. Nf3 a5 49. Ne5+ Kc7 50. Kd4 Rb7 51. Kc5 1/2-1/2

[Event "Wch U18"]
[Site "Kemer"]
[Date "2007.11.25"]
[Round "8"]
[White "Stojic, Dusan"]
[Black "Lee, Kim Han Edward"]
[Result "1-0"]
[WhiteElo "2193"]
[BlackElo "2045"]
[PlyCount "51"]
[EventDate "2007.11.18"]
[EventType "swiss"]
[EventRounds "11"]
[EventCountry "TUR"]
[SourceTitle "CBM 121 Extra"]
[Source "ChessBase"]
[SourceDate "2008.01.10"]
[SourceVersion "1"]
[SourceVersionDate "2008.01.10"]
[SourceQuality "1"]

1. e4 c5 2. Nf3 d6 3. d4 cxd4 4. Nxd4 Nf6 5. Nc3 a6 6. Bc4 e6 7. Bb3 Nbd7 8. 0-0 Nc5 9. f4 Be7 10. e5 Nfe4 11. Nxe4 Nxe4 12. Be3 0-0 13. c3 d5 14. Bc2 f5 15. exf6 Nxf6 16. Kh1 g6 17. Qd2 Bd7 18. Nf3 Rc8 19. Bd4 Nh5 20. Ne5 Ng7 21. Ng4 b5 22. Rae1 a5 23. Qe3 Bd6 24. Qh3 Bxf4 25. Bxg7 Kxg7 26. Rxf4 1-0

[Event "Kuala Lumpur op 4th"]
[Site "Kuala Lumpur"]
[Date "2007.08.25"]
[Round "9"]
[White "Milligan, Helen"]
[Black "Lee, Kim Han Edward"]
[Result "1/2-1/2"]
[WhiteElo "2034"]
[BlackElo "2045"]
[PlyCount "73"]
[EventDate "2007.08.20"]
[EventType "swiss"]
[EventRounds "11"]
[EventCountry "MAS"]
[SourceTitle "CBM 120 Extra"]
[Source "ChessBase"]
[SourceDate "2007.11.01"]
[SourceVersion "1"]
[SourceVersionDate "2007.11.01"]
[SourceQuality "1"]

1. e4 c5 2. Nf3 d6 3. Bb5+ Bd7 4. Bxd7+ Qxd7 5. c4 e5 6. Nc3 g6 7. d3 Bg7 8. a3 Nc6 9. Rb1 Nge7 10. 0-0 0-0 11. b4 cxb4 12. axb4 f5 13. b5 Nd8 14. Re1 f4 15. Nd5 Nf7 16. Ba3 g5 17. h3 Nxd5 18. exd5 Rfe8 19. Nd2 Bf6 20. Ne4 Kg7 21. Qg4 Qxg4 22. hxg4 Red8 23. f3 Rac8 24. Bb4 Rd7 25. Ra1 Bd8 26. Kf1 Bb6 27. Ke2 Rcc7 28. Rh1 Kg6 29. Ra2 Bd4 30. Ba5 b6 31. Bb4 Bc5 32. Bxc5 dxc5 33. Rha1 Kg7 34. Kf2 Kg6 35. Ra6 Kg7 36. Ke2 Kg6 37. Kf2 1/2-1/2